Habakkuk : (Record no. 10228)

MARC details
000 -LEADER
fixed length control field 04292cam a2200409 i 4500
001 - CONTROL NUMBER
control field 23085429
003 - CONTROL NUMBER IDENTIFIER
control field GBCCL
005 - DATE AND TIME OF LATEST TRANSACTION
control field 20241126110728.0
008 - FIXED-LENGTH DATA ELEMENTS--GENERAL INFORMATION
fixed length control field 230428s2023 miu b 001 0 eng
010 ## -
-- 2023001541
020 ## - INTERNATIONAL STANDARD BOOK NUMBER
International Standard Book Number 9780310942436
Qualifying information (hardcover)
040 ## - CATALOGING SOURCE
Original cataloging agency NcWfSB/DLC
Language of cataloging eng
Description conventions rda
Transcribing agency DLC
Modifying agency DLC
042 ## -
-- pcc
050 00 -
-- BS1635.53
-- .T87 2023
082 00 - DEWEY DECIMAL CLASSIFICATION NUMBER
Classification number 221.77
-- 224/.9507
Edition information 23/eng/20230509
Item number ZON
084 ## - OTHER CLASSIFICATION NUMBER
Classification number REL006780
-- REL006050
Number source bisacsh
100 1# - MAIN ENTRY--PERSONAL NAME
Personal name Turner, Kenneth J.,
Dates associated with a name 1972-
Relator term author.
9 (RLIN) 17769
245 10 - TITLE STATEMENT
Title Habakkuk :
Remainder of title the judge of all the earth shall do right /
Statement of responsibility, etc. Kenneth J. Turner ; Daniel I. Block, general editor.
264 #1 - PRODUCTION, PUBLICATION, DISTRIBUTION, MANUFACTURE, AND COPYRIGHT NOTICE
Place of production, publication, distribution, manufacture Grand Rapids :
Name of producer, publisher, distributor, manufacturer Zondervan,
Date of production, publication, distribution, manufacture, or copyright notice [2023]
300 ## - PHYSICAL DESCRIPTION
Extent xxii, 276 pages ;
Dimensions 14 cm.
336 ## - CONTENT TYPE
Content type term text
Content type code txt
Source rdacontent
337 ## - MEDIA TYPE
Media type term unmediated
Media type code n
Source rdamedia
338 ## - CARRIER TYPE
Carrier type term volume
Carrier type code nc
Source rdacarrier
490 1# - SERIES STATEMENT
Series statement Zondervan exegetical commentary on the Old Testament : a discourse analysis of the Hebrew Bible ;
Volume/sequential designation volume 31
504 ## - BIBLIOGRAPHY, ETC. NOTE
Bibliography, etc. note Includes bibliographical references and indexes.
520 ## - SUMMARY, ETC.
Summary, etc. "The Zondervan Exegetical Commentary on the Old Testament series serves pastors and teachers by providing them with a careful discourse analysis and interpretation of the Hebrew text, tracing the flow of argument in each Old Testament book and showing that how a biblical author says something is just as important as what they say"--
Assigning source Provided by publisher.
520 ## - SUMMARY, ETC.
Summary, etc. "Designed for the pastor and Bible teacher, the Zondervan Exegetical Commentary on the Old Testament features today's top Old Testament scholars and brings together commentary features rarely gathered together in one volume. With careful discourse analysis and interpretation of the Hebrew text, the authors trace the flow of argument in each Old Testament book, showing that how a biblical author says something is just as important as what they say. Commentary on each passage follows a clear structure to help readers grasp the flow and meaning of the text: The Main Idea of the Passage: A one- or two-sentence summary of the key ideas the biblical author seeks to communicate ; Literary Context: A brief discussion of the relationship of the specific text to the book as a whole and to its place within the broader argument ; Translation and Exegetical Outline: Commentators provide their own translations of each text, formatted to highlight its discourse structure and accompanied by a coherent outline that reflects the flow and argument of the text.Structure, and : Literary Form: An overview of the literary structure and rhetorical style adopted by the biblical author, highlighting how these features contribute to the communication of the main idea of the passage ; Explanation of the Text: A detailed commentary on the passage, paying particular attention to how the biblical authors select and arrange their materials and how they work with words, phrases, and syntax to communicate their messages ; Canonical and Practical Significance: The commentary on each unit will conclude by building bridges between the world of the biblical author and other biblical authors and with reflections on the contribution made by this unit to the development of broader issues in biblical theology--particularly on how later Old Testament and New Testament authors have adapted and reused the motifs in question. The discussion also includes brief reflections on the significance of the message of the passage for readers today. The Zondervan Exegetical Commentary on the Old Testament series is the go-to resource for pastors and Bible teachers looking for deep but accessible study that equips them to connect the needs of Christians today with the biblical text"--
Assigning source Provided by publisher.
600 00 - SUBJECT ADDED ENTRY--PERSONAL NAME
Personal name Habakkuk,
Dates associated with a name active 7th century B.C.
9 (RLIN) 17770
630 00 - SUBJECT ADDED ENTRY--UNIFORM TITLE
Uniform title Bible.
Name of part/section of a work Habakkuk
Form subdivision Commentaries.
9 (RLIN) 1777
630 00 - SUBJECT ADDED ENTRY--UNIFORM TITLE
Uniform title Bible.
Name of part/section of a work Habakkuk
General subdivision Language, style.
9 (RLIN) 17771
650 #7 - SUBJECT ADDED ENTRY--TOPICAL TERM
Topical term or geographic name entry element RELIGION / Biblical Commentary / Old Testament / Prophets
Source of heading or term bisacsh
9 (RLIN) 17772
650 #7 - SUBJECT ADDED ENTRY--TOPICAL TERM
Topical term or geographic name entry element RELIGION / Biblical Commentary / General
Source of heading or term bisacsh
9 (RLIN) 17773
830 #0 -
-- Zondervan exegetical commentary on the Old Testament
-- 17774
906 ## - LOCAL DATA ELEMENT F, LDF (RLIN)
a 7
b cbc
c orignew
d 1
e ecip
f 20
g y-gencatlg
942 ## - ADDED ENTRY ELEMENTS (KOHA)
Source of classification or shelving scheme Dewey Decimal Classification
Koha item type Reference Books
Holdings
Withdrawn status Lost status Source of classification or shelving scheme Damaged status Not for loan Home library Current Library Shelving location Date acquired Total checkouts Full call number Barcode Date last seen Copy number Price effective from Koha item type
    Dewey Decimal Classification     GRACE BIBLE COLLEGE GRACE BIBLE COLLEGE Commentary 2024-05-02   221.77 ZON 016776 2025-05-01 c.1 2024-05-02 Reference Books
© Grace Bible College Library 2025